Finančná situácia slovenských podnikov pred vstupom do Európskej únie
Stručná charakteristika ekonomického priestoru Európskej únie. Insolventnosť podnikov v Európe a v Nemecku. Vývoj indikátorov finančného zdravia akciových spoločností. Neprosperujúce spoločnosti. Pozícia a šance slovenského podniku v európskom ekonomickom priestore.
Salvato in:
| Autore principale: | |
|---|---|
| Natura: | Capitolo di libro |
| Lingua: | slovacco |
| Soggetti: | |
| Tags: |
Nessun Tag, puoi essere il primo ad aggiungerne!!
|
MARC
| LEADER | 00000naa$a2200000$$$4500 | ||
|---|---|---|---|
| 001 | 0016947 | ||
| 005 | 20240502071403.3 | ||
| 041 | 0 | |a slo | |
| 044 | |a SK | ||
| 245 | 1 | 0 | |a Finančná situácia slovenských podnikov pred vstupom do Európskej únie |c aut. Karol Zalai |
| 520 | |a Stručná charakteristika ekonomického priestoru Európskej únie. Insolventnosť podnikov v Európe a v Nemecku. Vývoj indikátorov finančného zdravia akciových spoločností. Neprosperujúce spoločnosti. Pozícia a šance slovenského podniku v európskom ekonomickom priestore. | ||
| 610 | 2 | 0 | |a Európsky ekonomický priestor |
| 610 | 2 | 0 | |a podnik |
| 610 | 2 | 0 | |a Slovensko |
| 610 | 2 | 0 | |a adaptácia |
| 610 | 2 | 0 | |a konkurencia |
| 610 | 2 | 0 | |a insolventnosť |
| 610 | 2 | 0 | |a Nemecko |
| 610 | 2 | 0 | |a hospodárenie finančné |
| 100 | 1 | |a Zalai, Karol | |